000 00844nam a22003130a 4500
001 PT53555
003 AR-LpoUNG
005 20210131231559.0
008 191001s2014||||ag |||||||||||||||||spa d
020 _a9789504634485
_c$8,03
040 _aAR-LpoUNG
_bspa
_cAR-LpoUNG
_eaacr
041 _aspa
044 _aag
082 0 _a808.068 3 375cam
100 1 _aFerrari, Andrea
245 1 3 _aEl camino de Sherlock
250 _a1ra. ed., 1ra. reimpr.
260 _aBuenos Aires :
_bAlfaguara,
_c2014.
300 _a189 p. :
_bil.
505 0 _aSugerido a partir de 14 años (etiqueta VERDE)
650 4 _aARGENTINA
650 4 _aCUENTOS
650 4 _aLITERATURA
651 4 _aDOCUMENTOS TEORICOS O METODOLOGICOS
653 _aLITERATURA INFANTOJUVENIL
700 1 _aRodríguez, Carlus
_eil.
905 _a53555
942 _cLIB
999 _c10865
_d10865